| 000 | 00916cam a22003014i 4500 | ||
|---|---|---|---|
| 999 |
_c34568 _d34568 |
||
| 001 | 3945 | ||
| 003 | CO-MdFUSB | ||
| 005 | 20180901115013.0 | ||
| 008 | 180213t1971 sp ||||| |||| 00| 0 spa d | ||
| 020 | _a84-7141-011-1 | ||
| 040 |
_aCO-MdFUSB _bspa _cCO-MdFUSB _dCO-MdFUSBC _erda |
||
| 041 | 0 |
_aspa _hger |
|
| 082 | 0 | 4 |
_aG 226.8 _223 _bJ55i |
| 100 | 1 |
_aJeremías, Joachim (1900-) _eautor |
|
| 245 | 0 |
_aInterpretación de las parábolas _c / Joachim Jeremias |
|
| 250 | _a5 | ||
| 264 | 1 |
_aEstella, Navarra, España : _bVerbo Divino, _c℗[1971] |
|
| 264 | 4 | _a©1971 | |
| 300 |
_a178 páginas _c22 cm |
||
| 336 |
_2rdacontent _atexto _btxt |
||
| 337 |
_2rdamedia _asin mediación _bn |
||
| 338 |
_2rdacarrier _avolumen _bnc |
||
| 500 | _aTítulo original : Die gleichnisse Jesu | ||
| 630 | 0 | 7 |
_aBiblia. _pNuevo Testamento |
| 653 | _aParábolas bíblicas | ||
| 653 | _aInterpretación de la Biblia | ||
| 942 | _cBK | ||